banner koha

Respostas de N-P-K-Ca e Mg no desenvolvimento de mudas de dende na regiao de Manaus - Amazonas (Registro n. 281613)

MARC details
000 -LÍDER
campo de controle de tamanho fixo 01330nac a22003857a 4500
001 - NÚMERO DE CONTROLE
campo de controle BR8804985
003 - IDENTIFICADOR DO NÚMERO DE CONTROLE
campo de controle BR-BrBNA
005 - DATA E HORÁRIO DA ÚLTIMA TRANSAÇÃO
campo de controle 20240105120823.0
008 - CAMPO DE DADOS FIXOS--INFORMAÇÃO GERAL
campo de controle de tamanho fixo 230509b bl.|||m| |||| 00| 0 por d
040 ## - FONTE DA CATALOGAÇÃO
Instituição da catalogação original BR-BrBNA
Idioma da catalogação por
Instituição que transcreveu o registro Biblioteca Nacional de Agricultura
072 ## - CÓDIGO DE CATEGORIA DE ASSUNTO
Código de Categoria de Assunto F61; F04
090 ## - NÚMERO DE CHAMADA LOCAL
Número de chamada 0312 BR8804985
100 1# - ENTRADA PRINCIPAL--NOME PESSOAL
Nome pessoal Pacheco, A.R.
100 1# - ENTRADA PRINCIPAL--NOME PESSOAL
Nome pessoal Tailliez, B.J.
100 1# - ENTRADA PRINCIPAL--NOME PESSOAL
Nome pessoal Viegas, I. de J.M.
110 1# - ENTRADA PRINCIPAL--NOME CORPORATIVO
Nome corporativo ou nome da jurisdição Unidade de Execucao de Pesquisa de Ambito Estadual de Belem, PA (Brasil)
9 (RLIN) 10340
245 1# - TÍTULO
Título Respostas de N-P-K-Ca e Mg no desenvolvimento de mudas de dende na regiao de Manaus - Amazonas
246 1# - FORMA VARIANTE DO TÍTULO
Título/título abreviado [Nitrogen, phosphorus, potassium, calcium and magnesium answers to the development of Elaeis guineensis at the region of Manaus, Amazonas]
260 3# - PUBLICAÇÃO, DISTRIBUIÇÃO, ETC.
Local de publicação, distribuição, etc. Belem, PA (Brasil):
Data da publicação, distribuição, etc. 1987.
300 ## - DESCRIÇÃO FÍSICA
Extensão 19 p.
490 ## - TÍTULO DA SÉRIE
Título da série Boletim de Pesquisa - Unidade de Execucao de Pesquisa de Ambito Estadual de Belem (Brazil)
Número do volume ou designação sequencial da série no. 4
ISSN - International Standard Serial Number
500 ## - NOTA GERAL
Nota geral 17 ref.; 7 tables; Summaries (En, Pt)
650 ## - ASSUNTO--TERMO TÓPICO
Cabeçalho tópico ou nome geográfico DENDE
650 ## - ASSUNTO--TERMO TÓPICO
Cabeçalho tópico ou nome geográfico NUTRICAO VEGETAL
650 ## - ASSUNTO--TERMO TÓPICO
Cabeçalho tópico ou nome geográfico NITROGENIO
650 ## - ASSUNTO--TERMO TÓPICO
Cabeçalho tópico ou nome geográfico FOSFORO
650 ## - ASSUNTO--TERMO TÓPICO
Cabeçalho tópico ou nome geográfico POTASSIO
650 ## - ASSUNTO--TERMO TÓPICO
Cabeçalho tópico ou nome geográfico CALCIO
650 ## - ASSUNTO--TERMO TÓPICO
Cabeçalho tópico ou nome geográfico MAGNESIO
650 ## - ASSUNTO--TERMO TÓPICO
Cabeçalho tópico ou nome geográfico ADUBACAO
650 ## - ASSUNTO--TERMO TÓPICO
Cabeçalho tópico ou nome geográfico MANAUS
650 ## - ASSUNTO--TERMO TÓPICO
Cabeçalho tópico ou nome geográfico AMAZONAS
909 ## -
-- 202312
-- Lúcia Elande
-- 55
-- Lúcia Elande
942 ## - ELEMENTOS DE ENTRADA ADICIONADOS (KOHA)
Fonte da classificação ou esquema de arquivamento na estante Classificação AGRIS
Ocultar no OPAC Não
Tipo de material Koha Monografia Seriada
Exemplares
Situação do descarte Fonte da classificação ou esquema de arquivamento na estante Situação física Não pode ser emprestado Coleção Biblioteca de origem Biblioteca atual Localização na estante Total de empréstimos Número de telefone completo Código de barras Data de último acesso Tipo de material Koha Fonte de aquisição
  Classificação AGRIS       Biblioteca Nacional de Agricultura - Binagri Biblioteca Nacional de Agricultura - Binagri Agrobase - Acervo Geral   0312 BR8804985 0312 BR8804985 18/12/2023 Monografia Seriada Portaria Interministerial nº 164/94

BINAGRI

Telefone: (61)3218-2567/2388/3357/2097 - binagri@agro.gov.br

Ministério da Agricultura e Pecuária , Esplanada dos Ministérios, Bloco D, Anexo B, Brasília/DF, CEP: 70.043-900